000 00775cam a2200277 4500
001 30667
003 BD-RjUL
005 20211209051610.0
008 140410s1972 enk b 001 0 eng d
020 _a0710074387
035 _a(BD-RjUL)30754
040 _aDLC
_cDLC
_dDLC
_dBD-RjUL
_beng
041 _aeng
082 0 0 _a170
_bWIE 1972
100 1 _aWinch, Peter.
_993166
245 1 0 _aEthics and action /
_cPeter Winch
260 _aLondon :
_bRoutledge and Kegan Paul,
_c1972.
300 _aviii, 231 p. ;
_c23 cm.
350 _a£2.75
490 0 _aStudies in ethics and the philosophy of religion
504 _aIncludes bibliographical references. and Index
650 0 _aEthics.
_993167
942 _2ddc
_cBK
999 _c30667
_d30667